Zagadki dla Dzieci (1-2 Klasa) - Statystyki

Ogólne statystyki
  • Ten quiz został rozwiązany 1 326 razy
  • Średni wynik to 6 z 7
Statystyki odpowiedzi
Hint Odpowiedź % Poprawnych
Dużo dzieci mnie nie lubi.Chodzisz tam 5 dni w tygodniu. Szkoła
97%
Używasz mnie częstow czasie wolnym. Nie możesz długo mnie używać ,bo popsuje ci się wzrok Telefon
95%
Dzięki mnie widzisz świat. Oczy
91%
Jestem Owocem i jestemżółta. Cytryna
89%
Dzięki mnie możeszkupować różne rzeczy Pieniądze
88%
Używasz mnie w szkole.Czasami w domu. Mam 6 Liter Mam kilka wersji. Jestem kolorowa. Kredka
79%
Należę do ciebie, ale twoiznajomi używają tego częściej Imię
42%
Nie znaleziono quizów pasujących do podanych kryteriów
Rozkład punktacji
Procent ludzi z każdym wynikiem
Percentyl według liczby udzielonych odpowiedzi
Twoja historia wyników
Nie rozwiązałeś tego quizu